Los intelectuales y las letras Centroamericanas sobre la Guerra Civil Española (Record no. 110560)
[ view plain ]
| 000 -LEADER | |
|---|---|
| fixed length control field | 01019nam a2200241 4500 |
| 005 - DATE AND TIME OF LATEST TRANSACTION | |
| control field | 20240320124508.0 |
| 008 - FIXED-LENGTH DATA ELEMENTS--GENERAL INFORMATION | |
| fixed length control field | 151210b mx ||||| |||| 00| 0 spa d |
| 020 ## - INTERNATIONAL STANDARD BOOK NUMBER | |
| International Standard Book Number | 9703235816 (colección) |
| 020 ## - INTERNATIONAL STANDARD BOOK NUMBER | |
| International Standard Book Number | 9786072003347 (obra) |
| 050 04 - LIBRARY OF CONGRESS CALL NUMBER | |
| Classification number | PQ7472 .P7 |
| Item number | O45 2008 |
| 100 1# - MAIN ENTRY--PERSONAL NAME | |
| Personal name | Oliva, Mario, |
| 245 10 - TITLE STATEMENT | |
| Title | Los intelectuales y las letras Centroamericanas sobre la Guerra Civil Española |
| Statement of responsibility, etc | / Mario Oliva Medina |
| 250 ## - EDITION STATEMENT | |
| Edition statement | 1a ed. |
| 260 ## - PUBLICATION, DISTRIBUTION, ETC. (IMPRINT) | |
| Place of publication, distribution, etc | México : |
| Name of publisher, distributor, etc | Universidad Autónoma de México, Centro de Investigaciones sobre América Latina y el Caribe, |
| Date of publication, distribution, etc | 2008. |
| 300 ## - PHYSICAL DESCRIPTION | |
| Extent | 268 p. ; |
| Dimensions | 21 cm. |
| 490 ## - SERIES STATEMENT | |
| Series statement | Colección Literatura y ensayo en América Latina y el Caribe ; |
| Volume number/sequential designation | 6 |
| 600 1# - SUBJECT ADDED ENTRY--PERSONAL NAME | |
| Personal name | Garcia Lorca, Federico, |
| Dates associated with a name | [1898-1936] |
| General subdivision | Influencia |
| 650 #7 - SUBJECT ADDED ENTRY--TOPICAL TERM | |
| Source of heading or term | LEMB |
| Topical term or geographic name as entry element | Poesía |
| General subdivision | Historia y crítica |
| Chronological subdivision | Siglo XX |
| Geographic subdivision | América Central |
| 650 #7 - SUBJECT ADDED ENTRY--TOPICAL TERM | |
| Source of heading or term | LEMB |
| Topical term or geographic name as entry element | Ensayistas |
| General subdivision | Historia y crítica |
| Chronological subdivision | Siglo XX |
| Geographic subdivision | América Central |
| 650 ## - SUBJECT ADDED ENTRY--TOPICAL TERM | |
| Topical term or geographic name as entry element | |
| 651 #7 - SUBJECT ADDED ENTRY--GEOGRAPHIC NAME | |
| Source of heading or term | LEMB |
| Geographic name | España |
| General subdivision | Historia |
| Chronological subdivision | Guerra civil, 1936-1939 |
| 942 ## - ADDED ENTRY ELEMENTS (KOHA) | |
| Source of classification or shelving scheme | Biblioteca del Cogreso de los Estados Unidos |
| Koha item type | Libro |
| Estado de pérdida | Fuente de clasificación | Estado del daño | No para préstamo | Ubicación permanente | Ubicación actual | Apartado o colección | Fecha de adquisición | Edición | Dependencia de educación superior (DES) | Área del conocimiento | Clasificación | Código de Barras | Date last seen | Número de copia | Costo por reposición | Tipo de recurso | Nota pública | Fuente de adquisición | Total Checkouts |
|---|---|---|---|---|---|---|---|---|---|---|---|---|---|---|---|---|---|---|---|
| Biblioteca del Cogreso de los Estados Unidos | Biblioteca del Instituto de Investigaciones Históricas | Biblioteca del Instituto de Investigaciones Históricas | General | 10/12/2015 | 1a ed. | Humanidades | Ciencias Sociales y Administrativas | PQ7472.P7 O45 2008 | IIH000014513 | 10/12/2015 | 1 | 1.00 | Libro | GENERAL | |||||
| Biblioteca del Cogreso de los Estados Unidos | Biblioteca del Instituto de Investigaciones Históricas | Biblioteca del Instituto de Investigaciones Históricas | General | 08/02/2024 | 1a ed. | Humanidades | Ciencias Sociales y Administrativas | PQ7472.P7 O45 2008 | IIH000035947 | 08/02/2024 | 2 | 1.00 | Libro | Donación |